[Event "Kula op"]
[Site "Kula"]
[Date "2010.05.11"]
[Round "4"]
[White "Todorov, Ivailo"]
[Black "Stanojevic, Dragolub"]
[Result "1-0"]
[WhiteElo "2285"]
[BlackElo "1658"]
[PlyCount "63"]
[EventDate "2010.05.08"]
[EventType "swiss"]
[EventRounds "7"]
[EventCountry "BUL"]
[SourceTitle "CBM 136 Extra"]
[Source "ChessBase"]
[SourceDate "2010.07.02"]
[SourceVersion "2"]
[SourceVersionDate "2010.07.15"]
[SourceQuality "1"]

1. Nf3 Nf6 2. b3 g6 3. Bb2 Bg7 4. e3 0-0 5. Be2 c5 6. c4 Nc6 7. 0-0 d6 8. a3 Rb8 9. Qc2 Bf5 10. Bd3 Bxd3 11. Qxd3 Qb6 12. Qc2 Rbc8 13. d3 Rfd8 14. Nc3 Na5 15. Nd2 d5 16. cxd5 Nxd5 17. Rac1 Qa6 18. Nxd5 Rxd5 19. Bxg7 Kxg7 20. Nc4 Nxc4 21. dxc4 Rd7 22. Rfd1 Rcd8 23. Rxd7 Rxd7 24. Kf1 f6 25. a4 Qd6 26. Ke2 Qxh2 27. g3 Qh5+ 28. Ke1 Qf3 29. Qe2 Qh1+ 30. Qf1 Qxf1+ 31. Kxf1 f5 32. Ke2 1-0

[Event "Kula op"]
[Site "Kula"]
[Date "2010.05.09"]
[Round "2"]
[White "Todorov, Ivailo"]
[Black "Vranjanac, Ceda"]
[Result "1-0"]
[WhiteElo "2285"]
[BlackElo "1800"]
[PlyCount "51"]
[EventDate "2010.05.08"]
[EventType "swiss"]
[EventRounds "7"]
[EventCountry "BUL"]
[SourceTitle "CBM 136 Extra"]
[Source "ChessBase"]
[SourceDate "2010.07.02"]
[SourceVersion "2"]
[SourceVersionDate "2010.07.15"]
[SourceQuality "1"]

1. d4 e6 2. c4 f5 3. Nc3 Nf6 4. g3 Be7 5. Bg2 0-0 6. Nf3 d6 7. 0-0 c6 8. Qc2 Nbd7 9. e4 fxe4 10. Nxe4 Nxe4 11. Qxe4 Nf6 12. Qe2 d5 13. Ng5 e5 14. dxe5 Ng4 15. e6 Nh6 16. h4 dxc4 17. Qxc4 Rf6 18. Bf4 Qb6 19. Rad1 Nf5 20. Rd7 h6 21. Ne4 Rg6 22. h5 Rg4 23. Bh3 Nxg3 24. Bxg3 Rxe4 25. Qxe4 Bxd7 26. exd7 1-0

[Event "Vidin op"]
[Site "Vidin"]
[Date "2009.10.24"]
[Round "5"]
[White "Galunova, Tsveta"]
[Black "Todorov, Ivailo"]
[Result "0-1"]
[WhiteElo "1971"]
[BlackElo "2285"]
[PlyCount "100"]
[EventDate "2009.10.23"]
[EventType "swiss"]
[EventRounds "7"]
[EventCountry "BUL"]
[SourceTitle "EXT 2010"]
[Source "ChessBase"]
[SourceDate "2010.11.25"]
[SourceVersion "1"]
[SourceVersionDate "2010.11.25"]
[SourceQuality "1"]

1. e4 Nf6 2. e5 Nd5 3. d4 d6 4. c4 Nb6 5. Nf3 Bg4 6. exd6 cxd6 7. b3 g6 8. Bb2 Bg7 9. h3 Bxf3 10. Qxf3 Nc6 11. Qe3 0-0 12. Bd3 d5 13. c5 Nd7 14. 0-0 Nxc5 15. Nd2 Nxd3 16. Qxd3 Rc8 17. Nf3 Qb6 18. Ne5 Nxe5 19. dxe5 e6 20. Rac1 a6 21. Ba3 Rfe8 22. Bb2 Bh6 23. Rc2 Qb5 24. Qd1 Rc6 25. Bc1 Bxc1 26. Rxc1 Rec8 27. Qd2 Qb6 28. Qg5 d4 29. Rfd1 Rc3 30. Qd2 Qc5 31. Rxc3 dxc3 32. Qg5 Qc7 33. Qe3 b5 34. Qd4 c2 35. Rc1 Qc5 36. Qxc5 Rxc5 37. Kf1 g5 38. g3 Kg7 39. f4 gxf4 40. gxf4 Kg6 41. Ke2 Kf5 42. Ke3 b4 43. Kd4 Rc3 44. a3 a5 45. axb4 axb4 46. h4 h6 47. h5 Rc8 48. Ke3 Rc7 49. Kd4 Rc3 50. Rg1 c1Q 0-1

[Event "Vidin op"]
[Site "Vidin"]
[Date "2009.10.23"]
[Round "2"]
[White "Todorov, Ivailo"]
[Black "Chervenkov, Dinko"]
[Result "1-0"]
[WhiteElo "2285"]
[BlackElo "1861"]
[PlyCount "43"]
[EventDate "2009.10.23"]
[EventType "swiss"]
[EventRounds "7"]
[EventCountry "BUL"]
[SourceTitle "EXT 2010"]
[Source "ChessBase"]
[SourceDate "2010.11.25"]
[SourceVersion "1"]
[SourceVersionDate "2010.11.25"]
[SourceQuality "1"]

1. e4 e5 2. Nf3 Nc6 3. Bc4 Bc5 4. b4 Bxb4 5. c3 Bc5 6. d4 exd4 7. cxd4 Bb6 8. d5 Nce7 9. Bb2 f6 10. e5 fxe5 11. Bxe5 Nf6 12. d6 cxd6 13. Bxd6 Bc7 14. 0-0 Bxd6 15. Qxd6 Qb6 16. Qd3 d5 17. Bb5+ Bd7 18. Bxd7+ Nxd7 19. Nc3 Nf6 20. Rfe1 Rf8 21. Rab1 Qc7 22. Ng5 1-0

[Event "BUL-chT"]
[Site "Pamporovo"]
[Date "2001.10.05"]
[Round "4"]
[White "Todorov, Ivailo"]
[Black "Mollaoglu, Ergin"]
[Result "0-1"]
[WhiteElo "2318"]
[BlackElo "2437"]
[PlyCount "56"]
[EventDate "2001.10.03"]
[EventType "team"]
[EventRounds "7"]
[EventCountry "BUL"]
[SourceTitle "CBM 084 Extra"]
[Source "ChessBase"]
[SourceDate "2001.10.26"]
[SourceVersion "1"]
[SourceVersionDate "2001.10.26"]
[SourceQuality "1"]

1. d4 Nf6 2. c4 d6 3. Nc3 Bf5 4. f3 e5 5. d5 e4 6. g4 Bg6 7. h4 h6 8. Nh3 Qe7 9. Kf2 Nbd7 10. Nf4 0-0-0 11. Nxg6 fxg6 12. Bh3 g5 13. hxg5 hxg5 14. Qd4 exf3 15. exf3 Qf7 16. Bxg5 Be7 17. Be3 g5 18. Ke2 Ne5 19. Bg2 Rhf8 20. Qxa7 Nfd7 21. Qd4 Nc5 22. Raf1 Bf6 23. Ne4 Rfe8 24. Nxf6 Qxf6 25. Kd2 Nxc4+ 26. Qxc4 Qxb2+ 27. Qc2 Qb4+ 28. Ke2 Qf4 0-1

[Event "BUL-chT"]
[Site "Pamporovo"]
[Date "2001.10.04"]
[Round "2"]
[White "Panbukchian, Valentin"]
[Black "Todorov, Ivailo"]
[Result "0-1"]
[WhiteElo "2322"]
[BlackElo "2318"]
[PlyCount "74"]
[EventDate "2001.10.03"]
[EventType "team"]
[EventRounds "7"]
[EventCountry "BUL"]
[SourceTitle "CBM 084 Extra"]
[Source "ChessBase"]
[SourceDate "2001.10.26"]
[SourceVersion "1"]
[SourceVersionDate "2001.10.26"]
[SourceQuality "1"]

1. f4 d5 2. g3 c5 3. Bg2 Nc6 4. Nf3 g6 5. 0-0 Bg7 6. d3 Nf6 7. Nc3 d4 8. Na4 Nd7 9. c4 b6 10. a3 Bb7 11. Bd2 a5 12. Rb1 Qc7 13. b4 axb4 14. axb4 0-0 15. bxc5 bxc5 16. Ng5 Nd8 17. Bxb7 Nxb7 18. e4 dxe3 19. Bxe3 Nd6 20. Nf3 Qc6 21. Nb2 Nf5 22. Bf2 Rfb8 23. g4 Nh6 24. Ne5 Nxe5 25. fxe5 Bxe5 26. d4 cxd4 27. Re1 f6 28. h3 Nf7 29. h4 Ra3 30. Nd3 Rxb1 31. Qxb1 Qf3 32. Rd1 Qxg4+ 33. Kf1 Bg3 34. Rd2 Qh3+ 35. Ke2 Bxf2 36. Nxf2 Re3+ 37. Kd1 Qf1+ 0-1

[Event "BUL-chT"]
[Site "Pamporovo"]
[Date "2001.10.03"]
[Round "1"]
[White "Ivanov, Stojan"]
[Black "Todorov, Ivailo"]
[Result "0-1"]
[WhiteElo "2305"]
[BlackElo "2318"]
[PlyCount "92"]
[EventDate "2001.10.03"]
[EventType "team"]
[EventRounds "7"]
[EventCountry "BUL"]
[SourceTitle "CBM 084 Extra"]
[Source "ChessBase"]
[SourceDate "2001.10.26"]
[SourceVersion "1"]
[SourceVersionDate "2001.10.26"]
[SourceQuality "1"]

1. d4 Nf6 2. c4 g6 3. Nf3 Bg7 4. e3 0-0 5. Be2 c5 6. 0-0 cxd4 7. exd4 d5 8. Nc3 Nc6 9. Ne5 Nxe5 10. dxe5 Ne4 11. Nxe4 dxe4 12. Bf4 Bd7 13. Qd5 Bc6 14. Qxd8 Rfxd8 15. Rad1 Kf8 16. b3 Ke8 17. Bg4 h5 18. Bh3 b5 19. g4 hxg4 20. Bxg4 bxc4 21. bxc4 e6 22. h4 Rd3 23. Be2 Rc3 24. Rd6 Rc8 25. h5 gxh5 26. Bxh5 Rh3 27. Rxe6+ Kf8 28. Rh6 Bxh6 29. Bxh6+ Kg8 30. Bg4 Rxh6 31. Bxc8 Kf8 32. Rd1 e3 33. Kf1 Rh1+ 34. Ke2 Bf3+ 35. Kxf3 Rxd1 36. Kxe3 Ra1 37. e6 fxe6 38. Bxe6 Re1+ 39. Kd4 Rxe6 40. Kd5 Rf6 41. c5 Ke7 42. a4 Rxf2 43. Kc6 Kd8 44. Kb7 Rf7+ 45. Kb8 Rc7 46. Ka8 a5 0-1